<The> Rules of the Game International Money and Exchange Rates
Salvato in:
| Autore principale: | |
|---|---|
| Natura: | Libro |
| Lingua: | inglese |
| Pubblicazione: |
Cambridge
The MIT Press
1996
|
| Edizione: | 1. ed. |
| Soggetti: | |
| Tags: |
Nessun Tag, puoi essere il primo ad aggiungerne!!
|
MARC
| LEADER | 00000nam a2200000 4500 | ||
|---|---|---|---|
| 001 | c016804 | ||
| 005 | 20221205125620.3 | ||
| 020 | |a 0-262-13318-0 | ||
| 041 | 0 | |a eng | |
| 044 | |a US | ||
| 245 | 1 | 0 | |a <The> Rules of the Game |b International Money and Exchange Rates |c Ronald I. MacKinnon |
| 250 | |a 1. ed. | ||
| 264 | 1 | |a Cambridge |b The MIT Press |c 1996 | |
| 300 | |a 558 s. | ||
| 610 | 2 | 0 | |a financie medzinárodné |
| 610 | 2 | 0 | |a kurz devízový |
| 610 | 2 | 0 | |a dejiny |
| 610 | 2 | 0 | |a kurz menový |
| 610 | 2 | 0 | |a politika devízová |
| 100 | 1 | |a MacKinnon, Ronald I. | |